Представление документа в формате RUSMARC

ПолеНазваниеЗначение
  Тип записи a
  Библиографический уровень c
001 Контрольный номер RU/IS/BASE/512824500
005 Дата корректировки 20251003164058.9
010 Индекс ISBN __
a ISBN 978-5-905751-19-6 (в обл.)
d Цена 110-00
100 Данные общей обработки __
a Данные общей обработки 19160401d2012||||||| 0rusy0189 ca
101 Язык документа 0_
a Язык текста rus
102 Страна публикации __
a Страна публикации ru
105 Кодированные данные (монография) __
a Кодированные данные (монография) #|||||||000zy
200 Заглавие и сведения об ответственности 1_
a Заглавие Вчера, сегодня и всегда
e Сведения, относящиеся к заглавию ретровзгляд на литературную жизнь Югры
f Первые сведения об ответственности [послесловие П. Р. Черкашина]
b Общее обозначение материала Текст
205 Сведения об издании __
a Основные сведения об издании Переизд., доп.
210 Выходные данные __
a Место издания Ханты-Мансийск
c Издательство Юграфика
d Дата издания 2012
215 Физическое описание __
a Объем 111 с.
d Формат 20 см
300 Общие примечания __
a Общие примечания 15 лет Ханты-Мансийской окружной организации Союза писателей России
327 Примечание о содержании __
a Примечание о содержании Из летописи Ханты-Мансийской окружной организации Союза писателей России / Рябий И. Г., Рябий М. М.
327 Примечание о содержании __
a Примечание о содержании Вместо послесловия. Основные мероприятия и события юбилейного года / Черкашин П. Р.
327 Примечание о содержании __
a Примечание о содержании Вчера, сегодня и всегда / Коняев Н. И.
330 Аннотация __
a Аннотация О тех, кто в разное время был причастен к созданию национальной литературы Югры, и окружной организации Союза писателей России.
517 Другие варианты заглавия __
a Другие варианты заглавия Из летописи Ханты-Мансийской окружной организации Союза писателей России
517 Другие варианты заглавия __
a Другие варианты заглавия Вместо послесловия. Основные мероприятия и события юбилейного года
601 Наименование организации как предмет __
a Наименование организации как предмет Союз писателей России
601 Наименование организации как предмет __
a Наименование организации как предмет Ханты-Мансийская окружная организация СПР
601 Наименование организации как предмет __
a Наименование организации как предмет Союз писателей России
601 Наименование организации как предмет __
a Наименование организации как предмет Ассоциация писателей Урала
605 Заглавие как предмет __
a Заглавие Сургут литературный /альманах/
605 Заглавие как предмет __
a Заглавие Эринтур /ежегодник/
605 Заглавие как предмет __
a Заглавие Чаша круговая /альманах/
606 Тематические рубрики __
a Основная рубрика Литературоведение
606 Тематические рубрики __
a Основная рубрика Литература народов России
z Хронологическая подрубрика 20 в.
z Хронологическая подрубрика 21 в.
y Географическая подрубрика Нижневартовск
y Географическая подрубрика Россия
y Географическая подрубрика Сургут
y Географическая подрубрика Тюменская область
y Географическая подрубрика Ханты-Мансийский автономный округ - Югра
y Географическая подрубрика ХМАО-Югра
610 Ключевые слова __
a Ключевые слова альманахи
a Ключевые слова ассоциации писателей
a Ключевые слова библиотеки
a Ключевые слова история организаций
a Ключевые слова краеведение
a Ключевые слова лауреаты премий
a Ключевые слова литераторы
a Ключевые слова литературная жизнь
a Ключевые слова литературная критика
a Ключевые слова литературные объединения
a Ключевые слова научно-практические конференции
a Ключевые слова национальная литература
a Ключевые слова персоналии
a Ключевые слова писатели
a Ключевые слова писательские организации
a Ключевые слова поэты
a Ключевые слова прозаики
a Ключевые слова семинары
a Ключевые слова союзы писателей
a Ключевые слова югорская литература
686 Индексы других классификаций __
2 Код системы rubbks
a Классификационный индекс К83.3(2Рос-6Хан)
702 Вторичная интеллектуальная ответственность _1
a Фамилия Рябий
b Имя И. Г.
4 Код отношения Автор
4 Код отношения 070
702 Вторичная интеллектуальная ответственность _1
a Фамилия Рябий
b Имя М. М.
4 Код отношения Автор
4 Код отношения 070
702 Вторичная интеллектуальная ответственность _1
a Фамилия Коняев
b Имя Н. И.
4 Код отношения Автор
4 Код отношения 070
702 Вторичная интеллектуальная ответственность _1
a Фамилия Черкашин
b Имя П. Р.
4 Код отношения Автор
4 Код отношения 070
801 Источник записи _0
a Страна ru
b Организация Муниципальное бюджетное учреждение культуры "Централизованная библиотечная система" г. Сургут (Центральная городская библиотека им. А. С. Пушкина)
c Дата составления 20160401
g Правила каталогизации КиК/Апакова
801 Источник записи _1
a Страна ru
b Организация Муниципальное бюджетное учреждение культуры "Централизованная библиотечная система" г. Сургут (Центральная городская библиотека им. А. С. Пушкина)
c Дата составления 20160401
g Правила каталогизации КиК/Апакова
852 Данные о местонахождении __
j Шифр хранения К83.3(2Рос-6Хан)
i Авторский знак В 90
901 Тип документа __
t Тип документа x
903 Характеристики (МАРС) __
a Дата передачи 20160401
969 Тип издания __
a Тип издания сборник
990 Данные о заказе (DOS) __
j Количество экземпляров (DOS) 1
t N записи в КСУ для И/У (DOS) 201604